Usos del roble blanco Quercus copeyensis en construcción civil

Gardado en:
Detalles Bibliográficos
Autor Principal: Medina Angulo, Ezequiel Alejandro
Formato: Libro
Publicado: [San José , Costa Rica] 1996
Materias:
Etiquetas: Engadir etiqueta
Sen Etiquetas, Sexa o primeiro en etiquetar este rexistro!

MARC

LEADER 00000nam a2200000Ia 4500
003 007849
005 20221231144249.0
008 140114s1996 cr a m 000 ||s d
040 |c cru CEDI 
090 |a TFG 3411 
100 |a Medina Angulo, Ezequiel Alejandro  |9 10506 
245 |a Usos del roble blanco Quercus copeyensis en construcción civil 
260 |c 1996  |a  [San José , Costa Rica] 
300 |a  vii, 111 hojas : ilustraciones  
500 |a  Proyecto de graduación (licenciatura en ingeniería civil)--Universidad de Costa Rica. Facultad de Ingeniería. Escuela de Ingeniería Civil 
650 |x ROBLES - COSTA RICA   |x MADERA - SECADO  |9 10507 
942 |c TFG 
999 |c 19287  |d 19287